[Event "AUT-chT (Women) 2223"]
[Site "Austria"]
[Date "2023.04.15"]
[Round "9.3"]
[White "Wunderl, Eva"]
[Black "Zatonskih, Anna"]
[Result "1/2-1/2"]
[WhiteElo "1917"]
[BlackElo "2330"]
[PlyCount "232"]
[EventDate "2022.10.21"]
[EventType "team-tourn"]
[EventRounds "9"]
[EventCountry "AUT"]
[SourceTitle "EXT 2024"]
[Source "ChessBase"]
[SourceDate "2023.10.10"]
[SourceVersion "1"]
[SourceVersionDate "2023.10.10"]
[SourceQuality "1"]
[WhiteTeam "Schach ohne Grenzen (W)"]
[BlackTeam "Pamhagen (W)"]
[WhiteTeamCountry "AUT"]
[BlackTeamCountry "AUT"]

1. e4 c5 2. Nf3 e6 3. c3 d5 4. exd5 Qxd5 5. d4 Nf6 6. Bd3 cxd4 7. cxd4 Nc6 8. Nc3 Qd6 9. 0-0 Be7 10. Nb5 Qd8 11. Bf4 Nd5 12. Bg3 0-0 13. Rc1 a6 14. Nc3 Nf6 15. Bf4 b6 16. a3 Bb7 17. Bb1 Rc8 18. Re1 Na5 19. Ne5 Nc4 20. Nxc4 Rxc4 21. Be5 b5 22. Qd3 g6 23. h3 Nd7 24. Rcd1 Nxe5 25. dxe5 Qc7 26. Qd7 Bxa3 27. Qxc7 Rxc7 28. Nxb5 axb5 29. bxa3 Ra8 30. Re3 Bd5 31. Rde1 Rca7 32. Bd3 Bc6 33. Rb1 Ra5 34. Be4 Bxe4 35. Rxe4 Rd8 36. Reb4 Rd5 37. f4 g5 38. fxg5 Rxe5 39. h4 Kg7 40. R1b3 Rf5 41. Kh2 Kg6 42. Kh3 Rd5 43. Rf3 Ra7 44. Rfb3 Kg7 45. Kg4 Rc5 46. Rxb5 Rxb5 47. Rxb5 Rxa3 48. Rb4 Rd3 49. Kf4 Rd1 50. Re4 Rf1+ 51. Kg3 Kg6 52. Re5 Rd1 53. Re3 h6 54. gxh6 Kxh6 55. Kf4 Rh1 56. g3 Kg6 57. Ra3 f5 58. Rb3 Kf6 59. Rb6 Ra1 60. Kf3 Ra3+ 61. Kf2 Ra5 62. Ke3 Ke5 63. Rb3 Rc5 64. Ra3 Rb5 65. Rc3 Kd6 66. Rd3+ Ke7 67. Ra3 Rb6 68. Rc3 Kf6 69. Kf3 Rb4 70. Ra3 Re4 71. Rb3 Rd4 72. Ra3 Kg6 73. Rb3 Rd6 74. Re3 Kf6 75. Ra3 e5 76. Ke3 Rb6 77. Rc3 Ra6 78. Rb3 Ke6 79. Rc3 Kd5 80. Rd3+ Kc4 81. Rd8 Ra3+ 82. Kf2 Ra2+ 83. Ke3 Ra3+ 84. Kf2 e4 85. Rc8+ Kd3 86. Rd8+ Kc2 87. Rc8+ Kd3 88. Rd8+ Kc4 89. Rc8+ Kd5 90. Rd8+ Ke6 91. Re8+ Kf7 92. Re5 Kf6 93. Re8 Ra2+ 94. Ke3 Rg2 95. Rg8 Ke6 96. Rg6+ Ke5 97. Rg8 Ra2 98. Re8+ Kf6 99. Rf8+ Kg6 100. Rg8+ Kf7 101. Rg5 Ra3+ 102. Ke2 Kf6 103. Rg8 Kf7 104. Rg5 Ke6 105. Rg8 Rf3 106. Rg6+ Ke7 107. Rg5 Kf6 108. Rg8 Ra3 109. Rg5 Ra8 110. Ke3 Ra3+ 111. Ke2 Ke5 112. g4 Rf3 113. Rxf5+ Rxf5 114. gxf5 Kxf5 115. Ke3 Kg4 116. Kxe4 Kxh4 1/2-1/2

[Event "AUT-chT (Women) 2223"]
[Site "Austria"]
[Date "2023.03.03"]
[Round "5.3"]
[White "Wunderl, Eva"]
[Black "Vujnovic, Patricija"]
[Result "0-1"]
[WhiteElo "1917"]
[BlackElo "2104"]
[PlyCount "66"]
[EventDate "2022.10.21"]
[EventType "team-tourn"]
[EventRounds "9"]
[EventCountry "AUT"]
[SourceTitle "EXT 2024"]
[Source "ChessBase"]
[SourceDate "2023.10.10"]
[SourceVersion "1"]
[SourceVersionDate "2023.10.10"]
[SourceQuality "1"]
[WhiteTeam "Schach ohne Grenzen (W)"]
[BlackTeam "Wulkaprodersdorf (W)"]
[WhiteTeamCountry "AUT"]
[BlackTeamCountry "AUT"]

1. e4 c6 2. d4 d5 3. exd5 cxd5 4. Bd3 Nc6 5. c3 Nf6 6. Bf4 g6 7. Nf3 Bg7 8. 0-0 0-0 9. Nbd2 Nh5 10. Bg3 Nxg3 11. hxg3 Bg4 12. Qa4 a6 13. Nh2 Bc8 14. Qd1 e5 15. dxe5 Nxe5 16. Bc2 d4 17. cxd4 Qxd4 18. Bb3 Qxb2 19. Ne4 Bf5 20. Rb1 Qa3 21. Qe2 Rad8 22. g4 Bd7 23. Rfd1 Bb5 24. Qe3 Qe7 25. Nc5 b6 26. Na4 Bxa4 27. Bxa4 b5 28. Bb3 Nc6 29. Qb6 Nd4 30. Qxa6 Ra8 31. Qb6 Rfb8 32. Re1 Qxe1+ 33. Rxe1 Rxb6 0-1

[Event "AUT-chT (Women) 1920"]
[Site "Austria"]
[Date "2020.01.10"]
[Round "4.4"]
[White "Wunderl, Eva"]
[Black "Katter, Marlene"]
[Result "1/2-1/2"]
[WhiteElo "1903"]
[BlackElo "1446"]
[PlyCount "105"]
[EventDate "2019.10.11"]
[EventType "team-tourn"]
[EventRounds "9"]
[EventCountry "AUT"]
[SourceTitle "CBM 194 Extra"]
[Source "ChessBase"]
[SourceDate "2020.03.31"]
[SourceVersion "1"]
[SourceVersionDate "2020.03.31"]
[SourceQuality "1"]
[WhiteTeam "Schach ohne Grenzen (W)"]
[BlackTeam "Lienz (W)"]
[WhiteTeamCountry "AUT"]
[BlackTeamCountry "AUT"]

1. e4 e6 2. d4 d5 3. Nd2 dxe4 4. Nxe4 Nd7 5. Nf3 Ngf6 6. Ng3 c5 7. c3 Be7 8. Bd3 b6 9. 0-0 Bb7 10. Qe2 0-0 11. Be3 Qc7 12. Rfe1 Rfd8 13. Rad1 Nf8 14. Bc2 Ng6 15. Ng5 Nd5 16. Qh5 Nf6 17. Qe2 Nd5 18. Qh5 Nf6 19. Qh3 Bd6 20. N3e4 Bxe4 21. Bxe4 Rac8 22. Bc2 Nf8 23. Ne4 Nxe4 24. Bxe4 Bf4 25. dxc5 Rxd1 26. Rxd1 Bxe3 27. Qxe3 Qxc5 28. Qd3 Qc4 29. Qb1 Qc7 30. g3 Rd8 31. a3 Rd7 32. Qc2 Qd8 33. Rxd7 Qxd7 34. c4 Qd4 35. Kg2 h6 36. b4 Nd7 37. f4 Nf6 38. Bf3 Nd7 39. a4 Qd6 40. Qd1 Qxd1 41. Bxd1 Kf8 42. Kf3 Ke7 43. Ke4 Kd6 44. Kd4 Kc6 45. Bf3+ Kd6 46. a5 bxa5 47. c5+ Kc7 48. bxa5 Nb8 49. Kc4 Nc6 50. a6 Ne7 51. Be4 Kd7 52. Bf3 Kc7 53. Be4 1/2-1/2

[Event "AUT-chT (Women) 1819"]
[Site "Austria"]
[Date "2018.11.18"]
[Round "2.3"]
[White "Moerwald, Miriam"]
[Black "Wunderl, Eva"]
[Result "0-1"]
[WhiteElo "1690"]
[BlackElo "1900"]
[PlyCount "74"]
[EventDate "2018.11.17"]
[EventType "team-swiss"]
[EventRounds "7"]
[EventCountry "AUT"]
[SourceTitle "CBM 187 Extra"]
[Source "ChessBase"]
[SourceDate "2018.11.04"]
[SourceVersion "1"]
[SourceVersionDate "2018.11.04"]
[SourceQuality "1"]
[WhiteTeam "Wulkaprodersdorf (W)"]
[BlackTeam "Schach ohne Grenzen (W)"]
[WhiteTeamCountry "AUT"]
[BlackTeamCountry "AUT"]

1. e4 e5 2. Nf3 Nc6 3. Nc3 Nf6 4. Bb5 Bb4 5. 0-0 Qe7 6. d3 a6 7. Bc4 h6 8. h3 0-0 9. Nh2 Na5 10. Bb3 Nxb3 11. axb3 d6 12. f4 Bc5+ 13. Kh1 Bd7 14. Qf3 Nh7 15. Nd5 Qd8 16. fxe5 c6 17. Nf4 dxe5 18. Nh5 Qh4 19. Bd2 f5 20. Be1 Qg5 21. h4 Qg6 22. Ng3 f4 23. Ne2 Be6 24. b4 Bd6 25. Nc1 Nf6 26. Rg1 Ng4 27. Nb3 Nxh2 28. Kxh2 Bxb3 29. cxb3 Qe6 30. Bc3 Qxb3 31. g3 Qe6 32. gxf4 Rxf4 33. Qg3 Qe7 34. Kh3 Raf8 35. Kg2 Qxh4 36. Qxh4 Rxh4 37. Bd2 Rg4+ 0-1

[Event "AUT-chT (Women) 1819"]
[Site "Austria"]
[Date "2018.11.17"]
[Round "1.5"]
[White "Wunderl, Eva"]
[Black "Katter, Marlene"]
[Result "1-0"]
[WhiteElo "1900"]
[BlackElo "1389"]
[PlyCount "100"]
[EventDate "2018.11.17"]
[EventType "team-swiss"]
[EventRounds "7"]
[EventCountry "AUT"]
[SourceTitle "CBM 187 Extra"]
[Source "ChessBase"]
[SourceDate "2018.11.04"]
[SourceVersion "1"]
[SourceVersionDate "2018.11.04"]
[SourceQuality "1"]
[WhiteTeam "Schach ohne Grenzen (W)"]
[BlackTeam "Lienz (W)"]
[WhiteTeamCountry "AUT"]
[BlackTeamCountry "AUT"]

1. e4 e6 2. d4 d5 3. Nd2 dxe4 4. Nxe4 Nd7 5. Nf3 Ngf6 6. Ng3 c5 7. c3 Be7 8. Bd3 0-0 9. 0-0 b6 10. Be3 Bb7 11. Qe2 Qc7 12. Rad1 Rfd8 13. Bc2 Rac8 14. Rfe1 h6 15. dxc5 Nxc5 16. Bd4 Nd5 17. Nh5 Bf8 18. Be5 Qe7 19. Qc4 Nd7 20. Qe4 g6 21. Qg4 N7f6 22. Nxf6+ Nxf6 23. Qf4 Nh5 24. Qg4 Nf6 25. Qf4 Nh5 26. Qe3 Nf6 27. Bd4 Bg7 28. Ne5 Nh7 29. Qf4 Nf6 30. h3 Nh5 31. Qe3 Nf6 32. a3 Nh7 33. Bb3 Nf6 34. Nxf7 Bd5 35. Bxf6 Qxf7 36. Bxd5 Rxd5 37. Bxg7 Kxg7 38. Rxd5 exd5 39. Qd4+ Kg8 40. Qh4 Re8 41. Rxe8+ Qxe8 42. Qxh6 Qe1+ 43. Kh2 Qxf2 44. Qxg6+ Kf8 45. Qd6+ Kg7 46. Qg3+ Qxg3+ 47. Kxg3 b5 48. Kf4 Kf6 49. g4 a5 50. g5+ Ke6 1-0

[Event "AUT-chT (Women) 1718"]
[Site "Austria"]
[Date "2018.04.06"]
[Round "7.3"]
[White "Wunderl, Eva"]
[Black "Horvath, Reka"]
[Result "1/2-1/2"]
[WhiteElo "1888"]
[BlackElo "2026"]
[PlyCount "74"]
[EventDate "2017.11.24"]
[EventType "team-tourn"]
[EventRounds "9"]
[EventCountry "AUT"]
[SourceTitle "EXT 2019"]
[Source "ChessBase"]
[SourceDate "2018.10.10"]
[SourceVersion "1"]
[SourceVersionDate "2018.10.10"]
[SourceQuality "1"]
[WhiteTeam "Schach ohne Grenzen (W)"]
[BlackTeam "Pamhagen (W)"]
[WhiteTeamCountry "AUT"]
[BlackTeamCountry "AUT"]

1. e4 c5 2. Nf3 d6 3. Bb5+ Nd7 4. d4 cxd4 5. Qxd4 e5 6. Qd3 a6 7. Bxd7+ Bxd7 8. 0-0 h6 9. Be3 Nf6 10. Nc3 b5 11. Nd5 Nxd5 12. Qxd5 Be7 13. Rfd1 Rc8 14. Qd3 0-0 15. Nxe5 dxe5 16. Qxd7 Rxc2 17. Qb7 Qc7 18. Qxa6 Qc4 19. b3 Qb4 20. Rac1 Rd8 21. h3 Rxd1+ 22. Rxd1 Bh4 23. Qa8+ Kh7 24. Qd5 Qe7 25. Qxb5 Rxa2 26. Qd5 Qf6 27. Rd2 Ra1+ 28. Rd1 Ra2 29. Qc5 Qe6 30. b4 Qb3 31. Rc1 Qb2 32. Rf1 Ra4 33. Qc8 Qxb4 34. Qf5+ Kg8 35. Qc8+ Kh7 36. Qf5+ Kg8 37. Qc8+ Kh7 1/2-1/2

[Event "AUT-chT (Women) 1718"]
[Site "Austria"]
[Date "2017.11.25"]
[Round "2.1"]
[White "Wunderl, Eva"]
[Black "Schnegg, Anna Lena"]
[Result "0-1"]
[WhiteElo "1888"]
[BlackElo "2114"]
[PlyCount "92"]
[EventDate "2017.11.24"]
[EventType "team-tourn"]
[EventRounds "9"]
[EventCountry "AUT"]
[SourceTitle "CBM 181 Extra"]
[Source "ChessBase"]
[SourceDate "2017.12.12"]
[SourceVersion "1"]
[SourceVersionDate "2017.12.12"]
[SourceQuality "1"]
[WhiteTeam "Schach ohne Grenzen (W)"]
[BlackTeam "Mayrhofen/Zillertal (W)"]
[WhiteTeamCountry "AUT"]
[BlackTeamCountry "AUT"]

1. e4 e5 2. Nf3 Nc6 3. Bc4 Nf6 4. d3 h6 5. c3 d6 6. Bb3 g6 7. Nbd2 Bg7 8. Nf1 d5 9. Ng3 0-0 10. 0-0 Be6 11. Be3 Qd7 12. Ba4 Qd6 13. Qc2 a6 14. Bxc6 bxc6 15. c4 Nd7 16. Rac1 d4 17. Bd2 a5 18. Ne1 Kh7 19. f4 exf4 20. Bxf4 Be5 21. Bxe5 Nxe5 22. Nf3 c5 23. Nxe5 Qxe5 24. Qd2 a4 25. Qf4 Qxf4 26. Rxf4 Rab8 27. Rc2 f6 28. Rff2 Rbe8 29. h3 Kg7 30. Rce2 h5 31. Nf1 Rb8 32. Nh2 Rbe8 33. Nf1 Re7 34. Nd2 Rfe8 35. Kf1 Bd7 36. Nf3 Be6 37. Nd2 Bd7 38. Nf3 f5 39. Ng5 h4 40. Rf4 Kh6 41. Nf3 g5 42. Nxg5 Kxg5 43. Ref2 fxe4 44. dxe4 Rxe4 45. Rxe4 Rxe4 46. Rf7 Rf4+ 0-1

[Event "AUT-chT (Women) 1617"]
[Site "Austria"]
[Date "2017.03.24"]
[Round "3.1"]
[White "Wunderl, Eva"]
[Black "Rozman, Monika"]
[Result "1/2-1/2"]
[WhiteElo "1880"]
[BlackElo "2114"]
[PlyCount "75"]
[EventDate "2017.01.14"]
[EventType "team-tourn"]
[EventRounds "11"]
[EventCountry "AUT"]
[SourceTitle "EXT 2018"]
[Source "ChessBase"]
[SourceDate "2017.10.13"]
[SourceVersion "1"]
[SourceVersionDate "2017.10.13"]
[SourceQuality "1"]
[WhiteTeam "Schach ohne Grenzen (W)"]
[BlackTeam "Feffernitz (W)"]
[WhiteTeamCountry "AUT"]
[BlackTeamCountry "AUT"]

1. e4 c5 2. Nf3 d6 3. Bb5+ Bd7 4. Bxd7+ Qxd7 5. 0-0 Nf6 6. Re1 e6 7. c3 Nc6 8. d4 cxd4 9. cxd4 d5 10. e5 Ne4 11. Nbd2 Nxd2 12. Bxd2 Be7 13. Rc1 0-0 14. Bg5 Bb4 15. Bd2 Be7 16. Bg5 Rfc8 17. Bxe7 Qxe7 18. Qd2 Rc7 19. Rc3 Rac8 20. Rec1 Nd8 21. h3 Rxc3 22. Rxc3 Rxc3 23. Qxc3 Nc6 24. a3 h6 25. g3 Qd8 26. Nd2 Qb6 27. Nb3 Qb5 28. Kg2 Qe2 29. Nd2 Qb5 30. h4 Qe2 31. Qe3 Qg4 32. Nf3 Ne7 33. Qc3 Ng6 34. Qc8+ Kh7 35. Qc2 Kg8 36. Qc8+ Kh7 37. Qc2 Kg8 38. Qc8+ 1/2-1/2

[Event "AUT-chT (Women) 1516"]
[Site "Austria"]
[Date "2016.04.17"]
[Round "7.3"]
[White "Wunderl, Eva"]
[Black "Tarmastin, Laura"]
[Result "1/2-1/2"]
[WhiteElo "1889"]
[BlackElo "1837"]
[PlyCount "63"]
[EventDate "2015.11.06"]
[EventType "team-swiss"]
[EventRounds "7"]
[EventCountry "AUT"]
[SourceTitle "EXT 2017"]
[Source "ChessBase"]
[SourceDate "2016.10.25"]
[SourceVersion "1"]
[SourceVersionDate "2016.10.25"]
[SourceQuality "1"]
[WhiteTeam "Schach ohne Grenzen (W)"]
[BlackTeam "St Veit/Glan (W)"]
[WhiteTeamCountry "AUT"]
[BlackTeamCountry "AUT"]

1. e4 e5 2. Nf3 Nc6 3. Bc4 Bc5 4. c3 Nf6 5. d3 0-0 6. b4 Be7 7. Bb3 a6 8. 0-0 d5 9. Re1 dxe4 10. dxe4 Qxd1 11. Bxd1 Rd8 12. Bc2 h6 13. h3 Be6 14. Nbd2 Bd6 15. Nf1 Ne7 16. Bb2 Ng6 17. Ne3 c5 18. a3 Rac8 19. Rad1 cxb4 20. cxb4 Bc7 21. Rxd8+ Rxd8 22. Rd1 Rxd1+ 23. Nxd1 Nd7 24. Nd2 Nb6 25. Ne3 Nf4 26. Kf1 f6 27. Bb3 Kf7 28. Bc2 Ke7 29. Nf5+ Kf7 30. Ne3 Ke7 31. Nf5+ Kf7 32. Ne3 1/2-1/2

[Event "AUT-chT (Women) 1415"]
[Site "Austria"]
[Date "2014.10.04"]
[Round "2.2"]
[White "Berger, Lisa"]
[Black "Wunderl, Eva"]
[Result "0-1"]
[WhiteElo "1565"]
[BlackElo "1882"]
[PlyCount "108"]
[EventDate "2014.10.03"]
[EventType "team-swiss"]
[EventRounds "9"]
[EventCountry "AUT"]
[SourceTitle "EXT 2016"]
[Source "ChessBase"]
[SourceDate "2015.10.08"]
[SourceVersion "1"]
[SourceVersionDate "2015.10.08"]
[SourceQuality "1"]
[WhiteTeam "Baden Invest (W)"]
[BlackTeam "Schach ohne Grenzen (W)"]
[WhiteTeamCountry "AUT"]
[BlackTeamCountry "AUT"]

1. d4 d5 2. c4 e6 3. Nc3 Nf6 4. e3 a6 5. a3 Be7 6. b4 dxc4 7. Bxc4 0-0 8. Nf3 b6 9. 0-0 Bb7 10. Bb2 Nbd7 11. Re1 c5 12. dxc5 bxc5 13. bxc5 Qc7 14. Rc1 Nxc5 15. Be2 Rfd8 16. Qc2 Qa5 17. Ra1 Rac8 18. Qb1 Nb3 19. Ra2 Bxf3 20. Bxf3 Rxc3 21. Bxc3 Qxc3 22. Rc2 Qa5 23. Rd1 Nd2 24. Qc1 Nxf3+ 25. gxf3 Rxd1+ 26. Qxd1 h6 27. Rc8+ Kh7 28. a4 Nd5 29. Rc4 g6 30. f4 Qb6 31. Qc2 a5 32. Qc1 Qd6 33. Qb2 Bf6 34. Qc2 Nb4 35. Qc1 Kg7 36. Qe1 Qd5 37. Qe2 Qd7 38. Qe1 Qxa4 39. Rc1 Nd3 40. Qd1 Qxd1+ 41. Rxd1 Nb2 42. Ra1 Bc3 43. Kf1 Bb4 44. Ra2 Nd3 45. Ra1 Kf6 46. Ke2 Nc5 47. f3 e5 48. fxe5+ Kxe5 49. Rd1 Ne6 50. Ra1 Kf5 51. Ra2 Kg5 52. Kf2 Kh4 53. Kg2 Nc5 54. Ra1 Nd3 0-1

[Event "AUT-chT (Women) 1314"]
[Site "Austria"]
[Date "2013.12.08"]
[Round "3"]
[White "Wunderl, Eva"]
[Black "Novkovic, Julia"]
[Result "0-1"]
[WhiteElo "1867"]
[BlackElo "2106"]
[PlyCount "148"]
[EventDate "2013.12.06"]
[EventType "team-tourn"]
[EventRounds "9"]
[EventCountry "AUT"]
[SourceTitle "EXT 2015"]
[Source "ChessBase"]
[SourceDate "2014.11.20"]
[SourceVersion "1"]
[SourceVersionDate "2014.11.20"]
[SourceQuality "1"]
[WhiteTeam "Schach ohne Grenzen (W)"]
[BlackTeam "Pamhagen (W)"]
[WhiteTeamCountry "AUT"]
[BlackTeamCountry "AUT"]

1. e4 e5 2. Nf3 Nc6 3. Bc4 Nf6 4. d3 Be7 5. 0-0 0-0 6. Re1 d6 7. a4 Kh8 8. a5 a6 9. h3 Ng8 10. Nc3 Be6 11. Nd5 Qd7 12. Nxe7 Qxe7 13. Bg5 f6 14. Bxe6 Qxe6 15. Be3 Rad8 16. Nh4 Nge7 17. Qg4 f5 18. Nxf5 Nxf5 19. exf5 Qxf5 20. Qxf5 Rxf5 21. c3 e4 22. dxe4 Rxa5 23. f3 Rb5 24. Re2 Kg8 25. Kf2 Ne5 26. Rd1 Kf7 27. Rd4 Ra8 28. f4 Nc6 29. Rd5 Rxd5 30. exd5 Ne7 31. c4 b5 32. b3 c6 33. dxc6 bxc4 34. c7 Rc8 35. bxc4 Rxc7 36. Ra2 Rc6 37. g4 Ke6 38. Kf3 g6 39. Bf2 Ng8 40. Ra5 Nf6 41. f5+ gxf5 42. gxf5+ Kf7 43. Ke3 Rxc4 44. Rxa6 Rc3+ 45. Kd4 Rf3 46. Be1 Rxf5 47. Rxd6 Kg6 48. Ke3 Re5+ 49. Kf2 Rc5 50. Kg2 Kf5 51. Rd2 Ne4 52. Bf2 Rb5 53. Re2 Rb3 54. Be1 Rd3 55. Bh4 Kf4 56. Be1 Rd1 57. Bh4 Rd5 58. Be1 Rg5+ 59. Kh2 Kf3 60. Ra2 Rg6 61. Ra3+ Ke2 62. Ra4 Re6 63. Bg3 Nc3 64. Ra5 Kf3 65. Rf5+ Ke4 66. Rf1 Ne2 67. Rf7 Rg6 68. Be1 Nd4 69. Re7+ Kf3 70. Rxh7 Ke2 71. Re7+ Kf1 72. Rf7+ Kxe1 73. Re7+ Kf2 74. Rf7+ Nf3+ 0-1

[Event "AUT-chT (Women)"]
[Site "Austria"]
[Date "2013.04.21"]
[Round "7.2"]
[White "Wunderl, Eva"]
[Black "Horvath, Maria"]
[Result "0-1"]
[WhiteElo "1817"]
[BlackElo "2009"]
[PlyCount "76"]
[EventDate "2013.03.21"]
[EventType "team-tourn"]
[EventRounds "9"]
[EventCountry "AUT"]
[SourceTitle "EXT 2015"]
[Source "ChessBase"]
[SourceDate "2014.11.20"]
[SourceVersion "1"]
[SourceVersionDate "2014.11.20"]
[SourceQuality "1"]
[WhiteTeam "Schach ohne Grenzen (W)"]
[BlackTeam "Pamhagen (W)"]
[WhiteTeamCountry "AUT"]
[BlackTeamCountry "AUT"]

1. e4 c5 2. Nf3 e6 3. c3 d5 4. exd5 exd5 5. d4 Nc6 6. Be3 cxd4 7. Nxd4 Nf6 8. h3 a6 9. Nd2 Bd6 10. N2f3 0-0 11. Bd3 Re8 12. 0-0 Ne4 13. Qc1 Qf6 14. Kh1 h6 15. Re1 Bd7 16. Qc2 Rac8 17. Nxc6 Bxc6 18. Bd4 Qf4 19. Qc1 Qf5 20. Qc2 Qh5 21. Be2 Qg6 22. Bd3 Re6 23. Re2 Rce8 24. Rae1 Bb8 25. Kg1 Qf5 26. c4 Qf4 27. Be3 Qd6 28. c5 Qc7 29. Kf1 Rf6 30. Bxe4 dxe4 31. Ng1 Bb5 32. a4 Bd3 33. Qc3 Qh2 34. Rd1 Bxe2+ 35. Nxe2 Qh1+ 36. Ng1 Bh2 37. Ke2 Qxg2 38. Qe1 Rg6 0-1

[Event "AUT-chT (Women)"]
[Site "Austria"]
[Date "2013.04.20"]
[Round "6.2"]
[White "Bernhard, Julia"]
[Black "Wunderl, Eva"]
[Result "0-1"]
[WhiteElo "1829"]
[BlackElo "1817"]
[PlyCount "104"]
[EventDate "2013.03.21"]
[EventType "team-tourn"]
[EventRounds "9"]
[EventCountry "AUT"]
[SourceTitle "EXT 2015"]
[Source "ChessBase"]
[SourceDate "2014.11.20"]
[SourceVersion "1"]
[SourceVersionDate "2014.11.20"]
[SourceQuality "1"]
[WhiteTeam "Steyr (W)"]
[BlackTeam "Schach ohne Grenzen (W)"]
[WhiteTeamCountry "AUT"]
[BlackTeamCountry "AUT"]

1. e4 e5 2. Nf3 Nc6 3. Bc4 Bc5 4. c3 Nf6 5. d4 exd4 6. e5 d5 7. Bb5 Ne4 8. cxd4 Bb6 9. Nc3 Bg4 10. Qa4 Qd7 11. Be3 Nxc3 12. bxc3 0-0 13. Qc2 Bf5 14. Bd3 Ne7 15. 0-0 Rac8 16. Nh4 Bxd3 17. Qxd3 Qg4 18. Nf3 Ng6 19. h3 Qd7 20. Nd2 c5 21. f4 Ne7 22. f5 Rc6 23. Rf3 Rfc8 24. Raf1 cxd4 25. cxd4 Rc3 26. Qe2 Nc6 27. Qf2 Rxe3 28. Rxe3 Bxd4 29. Kh1 Bxe3 30. Qxe3 Re8 31. f6 Nxe5 32. Re1 gxf6 33. Nf3 Re7 34. Nd4 Ng6 35. Qg3 Rxe1+ 36. Qxe1 Qe7 37. Qg3 Qe5 38. Qc3 Ne7 39. Qb4 Nc6 40. Nxc6 bxc6 41. Qg4+ Kf8 42. Qc8+ Qe8 43. Qb7 Qe1+ 44. Kh2 Qe5+ 45. Kh1 Qa1+ 46. Kh2 Qe5+ 47. Kh1 d4 48. Qxc6 d3 49. Qc8+ Kg7 50. Qg4+ Qg5 51. Qd4 Qg3 52. a4 Qe1+ 0-1

[Event "AUT-ch (Women)"]
[Site "Vienna"]
[Date "2010.08.01"]
[Round "9"]
[White "Novkovic, Julia"]
[Black "Wunderl, Eva"]
[Result "1/2-1/2"]
[WhiteElo "2157"]
[BlackElo "1798"]
[PlyCount "99"]
[EventDate "2010.07.24"]
[EventType "swiss"]
[EventRounds "9"]
[EventCountry "AUT"]
[SourceTitle "CBM 137 Extra"]
[Source "ChessBase"]
[SourceDate "2010.09.01"]
[SourceVersion "1"]
[SourceVersionDate "2010.09.01"]
[SourceQuality "1"]

1. Nf3 Nf6 2. g3 g6 3. Bg2 Bg7 4. 0-0 0-0 5. d3 d5 6. Nbd2 c5 7. Ne5 Nfd7 8. Nxd7 Qxd7 9. e4 d4 10. a4 Nc6 11. h3 e5 12. Nc4 Qe7 13. Kh2 Be6 14. b3 Bd7 15. Bd2 Rac8 16. Qe2 b6 17. Rae1 Rce8 18. f4 f6 19. f5 Rd8 20. h4 g5 21. hxg5 fxg5 22. Bf3 Be8 23. Rh1 Qf6 24. Bh5 h6 25. Bxe8 Rfxe8 26. Nb2 Nb8 27. Nd1 Nd7 28. Kg1 Qf8 29. Nf2 Nf6 30. Ng4 Nxg4 31. Qxg4 Qf6 32. Qh5 Rf8 33. Qe2 Rc8 34. Rh5 Rc6 35. Kg2 Kf7 36. Reh1 Rcc8 37. R5h2 Rh8 38. Qh5+ Ke7 39. Qd1 Rb8 40. Rh5 Rbc8 41. Qc1 Kf7 42. Kf3 Rb8 43. Kg4 Rbg8 44. Qa3 a5 45. Bxa5 bxa5 46. Qxc5 Rc8 47. Qd5+ Ke8 48. R1h2 Qb6 49. f6 Qxf6 50. Rf2 1/2-1/2

[Event "AUT-ch (Women)"]
[Site "Vienna"]
[Date "2010.07.31"]
[Round "8"]
[White "Wunderl, Eva"]
[Black "Newrkla, Katharina"]
[Result "0-1"]
[WhiteElo "1798"]
[BlackElo "2105"]
[PlyCount "146"]
[EventDate "2010.07.24"]
[EventType "swiss"]
[EventRounds "9"]
[EventCountry "AUT"]
[SourceTitle "CBM 137 Extra"]
[Source "ChessBase"]
[SourceDate "2010.09.01"]
[SourceVersion "1"]
[SourceVersionDate "2010.09.01"]
[SourceQuality "1"]

1. e4 c5 2. Nf3 d6 3. Bb5+ Bd7 4. Bxd7+ Qxd7 5. 0-0 Nc6 6. c3 Nf6 7. Re1 e6 8. d4 cxd4 9. cxd4 d5 10. exd5 Nxd5 11. Ne5 Qc7 12. b3 Bb4 13. Bd2 Be7 14. Qg4 0-0 15. Bh6 Bf6 16. Nxc6 Qxc6 17. Nd2 Kh8 18. Bg5 Qb6 19. Nf3 Rad8 20. Bxf6 Nxf6 21. Qf4 Nd5 22. Qd2 h6 23. Rac1 Ne7 24. Red1 Nc6 25. Qf4 Kg8 26. h3 Rd5 27. Rd2 Rfd8 28. Rcd1 Qb4 29. Qe3 Ne7 30. Rd3 Nf5 31. Qd2 Qxd2 32. R3xd2 f6 33. Kf1 Kf7 34. Ke2 g5 35. Rc1 R8d7 36. g4 Ne7 37. Rc5 b6 38. Rc4 Ng6 39. Ke3 Nf4 40. Ng1 Ke7 41. Rcc2 R5d6 42. a3 a5 43. f3 Kf7 44. Rb2 Rc7 45. Rbc2 Rdc6 46. Rxc6 Rxc6 47. Ne2 Nxh3 48. Rd1 Nf4 49. Nxf4 gxf4+ 50. Kxf4 Rc3 51. Rb1 b5 52. Rb2 Kg6 53. Rb1 Rd3 54. Ke4 Rc3 55. Kf4 Kf7 56. Rb2 Ke7 57. Ke4 Kf7 58. Rb1 Rc2 59. b4 a4 60. Ra1 Rc3 61. Ra2 Kg6 62. d5 Rc4+ 63. Kd3 exd5 64. Rh2 Rf4 65. Ke3 Rc4 66. Kd3 Rc1 67. Rh5 Ra1 68. Rxd5 Rxa3+ 69. Ke2 Ra1 70. Rxb5 a3 71. Ra5 a2 72. Kd2 Rh1 73. Rxa2 Rh2+ 0-1

[Event "AUT-ch (Women)"]
[Site "Vienna"]
[Date "2010.07.24"]
[Round "1"]
[White "Mira, Helene"]
[Black "Wunderl, Eva"]
[Result "1-0"]
[WhiteElo "2133"]
[BlackElo "1798"]
[PlyCount "115"]
[EventDate "2010.07.24"]
[EventType "swiss"]
[EventRounds "9"]
[EventCountry "AUT"]
[SourceTitle "CBM 137 Extra"]
[Source "ChessBase"]
[SourceDate "2010.09.01"]
[SourceVersion "1"]
[SourceVersionDate "2010.09.01"]
[SourceQuality "1"]

1. Nf3 Nf6 2. c4 g6 3. Nc3 Bg7 4. e4 d6 5. d4 c6 6. h3 Qc7 7. Be3 Nbd7 8. Bd3 e5 9. 0-0 0-0 10. Re1 Re8 11. d5 c5 12. a3 a6 13. b4 b6 14. Nd2 Bb7 15. Nb3 Rab8 16. bxc5 Nxc5 17. Nxc5 bxc5 18. Qa4 Qd7 19. Qa5 Qd8 20. Qa4 Qd7 21. Qc2 Ba8 22. Rab1 Qa7 23. Qa4 Re7 24. Rxb8+ Qxb8 25. Rb1 Qa7 26. Qa5 Rd7 27. Rb6 Bb7 28. Nb5 Qb8 29. Qxa6 Ne8 30. Nc3 Bxa6 31. Rxb8 Kf8 32. Rb6 Ra7 33. a4 Ke7 34. Bd2 Nc7 35. a5 Kd7 36. Nb5 Bxb5 37. cxb5 Bf8 38. Rb8 Ra8 39. Rxa8 Nxa8 40. b6 Kc8 41. Ba6+ Kb8 42. g4 Be7 43. Bb5 Bd8 44. g5 f6 45. h4 fxg5 46. hxg5 Kb7 47. Bc6+ Kb8 48. Kf1 Be7 49. Ke2 Bd8 50. Kd3 Be7 51. Kc4 Bd8 52. Kb5 c4 53. Kxc4 Nxb6+ 54. axb6 Bxb6 55. f4 Kc8 56. fxe5 dxe5 57. d6 Kd8 58. Kd5 1-0